Vida postal española : (Record no. 65394)

MARC details
000 -LEADER
campo de control de longitud fija 00937nam a2200241 i 4500
001 - NÚMERO DE CONTROL
campo de control 65394
003 - IDENTIFICADOR DE NÚMERO DE CONTROL
campo de control ES-MaACL
005 - FECHA Y HORA DE LA ÚLTIMA TRANSACCIÓN
campo de control 20250721134304.0
007 - CAMPO FIJO DE DESCRIPCIÓN FÍSICA--INFORMACIÓN GENERAL
campo de control de longitud fija t|
008 - DATOS DE LONGITUD FIJA--INFORMACIÓN GENERAL
campo de control de longitud fija 040112s1916 sp |||| | spa d
080 ## - NÚMERO DE LA CLASIFICACIÓN DECIMAL UNIVERSAL
Número de la Clasificación Decimal Universal 336.722:656.885(460)
100 1# - ENTRADA PRINCIPAL--NOMBRE DE PERSONA
Nombre de persona Francos Rodríguez, José,
Fechas asociadas al nombre 1862-1931
9 (RLIN) 52286
245 10 - MENCIÓN DEL TÍTULO
Título Vida postal española :
Resto del título artículos y discursos /
Mención de responsabilidad, etc. de José Francos Rodríguez.
260 ## - PUBLICACIÓN, DISTRIBUCIÓN, ETC.
Lugar de publicación, distribución, etc. Madrid :
Nombre del editor, distribuidor, etc. [Cuerpo de Correos],
Fecha de publicación, distribución, etc. 1916 (
Fabricante Imp. de los Hijos de M.G. Hernández)
300 ## - DESCRIPCIÓN FÍSICA
Extensión 238 p. ;
Dimensiones 19 cm.
530 ## - NOTA DISPONIBLE DE FORMULARIO FÍSICO ADICIONAL
Nota de formato físico adicional disponible Disponible en formato digital.
610 24 - PUNTO DE ACCESO ADICIONAL DE MATERIA--NOMBRE DE ENTIDAD CORPORATIVA
Nombre de entidad corporativa o nombre de jurisdicción como elemento de entrada Caja Postal de Ahorros (España)
9 (RLIN) 2340
852 ## - LOCALIZACIÓN
Ubicación ES-MaACL
Número de control de estantería A-4875
Ubicación en estantería Sala Pecera Referencia
Nota libre Revisado enlace: 21 de julio de 2025
852 ## - LOCALIZACIÓN
Ubicación ES-MaACL
Número de control de estantería F-1057
Ubicación en estantería Depósito 2
Nota libre Revisado enlace: 21 de julio de 2025
856 4# - LOCALIZACIÓN Y ACCESO ELECTRÓNICOS
Identificador Uniforme de Recursos <a href="http://bdh-rd.bne.es/viewer.vm?id=0000059015&page=1 ">http://bdh-rd.bne.es/viewer.vm?id=0000059015&page=1 </a>
Texto de enlace Biblioteca Digital Hispánica
942 ## - ELEMENTOS DE ENTRADA SECUNDARIOS (KOHA)
Fuente del sistema de clasificación o colocación Clasificación decimal universal
Holdings
Estatus retirado Estado de pérdida Estado de daño No para préstamo Colección Biblioteca de origen Biblioteca actual Ubicación en estantería Fecha de adquisición Fuente de adquisición Total de préstamos Signatura topográfica completa Código de barras Visto por última vez Precio de reemplazo Tipo de ítem Koha
        Colección digital Biblioteca del Ateneo de Madrid Biblioteca del Ateneo de Madrid Depósito 2 17/01/2008     F-1057 1068515 23/02/2023 23/02/2023 Libro impreso
        Colección digital Biblioteca del Ateneo de Madrid Biblioteca del Ateneo de Madrid Sala Pecera Planta 1 17/01/2008     A-4875 1068514 23/02/2023 23/02/2023 Libro impreso